Information systems for land contamination. (Record no. 89784)

MARC details
000 -LEADER
fixed length control field 00878cam a2200301 4500
001 - CONTROL NUMBER
control field M1595
008 - FIXED-LENGTH DATA ELEMENTS--GENERAL INFORMATION
fixed length control field 090401t1994 xxu||||| |||| 00| 0 eng d
035 ## - SYSTEM CONTROL NUMBER
System control number (Sirsi) u33183
041 ## - LANGUAGE CODE
Language code of text/sound track or separate title eng
050 ## - LIBRARY OF CONGRESS CALL NUMBER
Classification number 333.73
110 ## - MAIN ENTRY--CORPORATE NAME
Corporate name or jurisdiction name as entry element United Kingdom
Subordinate unit Department of the Environment
9 (RLIN) 982
245 ## - TITLE STATEMENT
Title Information systems for land contamination.
260 ## - PUBLICATION, DISTRIBUTION, ETC.
Place of publication, distribution, etc. London
Name of publisher, distributor, etc. Department of the Environment
Date of publication, distribution, etc. 1994
300 ## - PHYSICAL DESCRIPTION
Extent 47p. : ill.,maps ; 30cm.
350 ## - PRICE (NR) (BK AM CF MU VM SE) [OBSOLETE]
Price 7
490 ## - SERIES STATEMENT
Series statement Contaminated Land Research Report
490 ## - SERIES STATEMENT
Series statement CLR Report
Volume/sequential designation 5
520 ## - SUMMARY, ETC.
Summary, etc. Prepared by Meta Generics Ltd.
650 ## - SUBJECT ADDED ENTRY--TOPICAL TERM
Topical term or geographic name entry element CONTAMINATED LAND
650 ## - SUBJECT ADDED ENTRY--TOPICAL TERM
Topical term or geographic name entry element DATABASES
650 ## - SUBJECT ADDED ENTRY--TOPICAL TERM
Topical term or geographic name entry element INFORMATION SYSTEMS
650 ## - SUBJECT ADDED ENTRY--TOPICAL TERM
Topical term or geographic name entry element MANAGEMENT-BUSINESS MANAGEMENT-INFORMATION MANAGEMENT
650 ## - SUBJECT ADDED ENTRY--TOPICAL TERM
Topical term or geographic name entry element RISK ASSESSMENT
690 ## - LOCAL SUBJECT ADDED ENTRY--TOPICAL TERM (OCLC, RLIN)
Topical term or geographic name as entry element LAND
710 ## - ADDED ENTRY--CORPORATE NAME
Corporate name or jurisdiction name as entry element Meta Generics Ltd.
9 (RLIN) 1492
942 ## - ADDED ENTRY ELEMENTS (KOHA)
Suppress in OPAC 0
948 ## - LOCAL PROCESSING INFORMATION (OCLC); SERIES PART DESIGNATOR (RLIN)
c (OCLC) 04/03/1997
Holdings
Withdrawn status Lost status Source of classification or shelving scheme Damaged status Not for loan Home library Current library Shelving location Date acquired Cost, normal purchase price Total Checkouts Full call number Barcode Date last seen Copy number Cost, replacement price Price effective from Koha item type
    Dewey Decimal Classification     London London Folio 01/12/1994 7.00   F333.73 30048253 06/08/2019 1 7.00 06/08/2019 Book